| 000 | 00390cam a22001337a 4500 | ||
|---|---|---|---|
| 008 | 180718b1942 xxu||||| |||| 00| 0 eng d | ||
| 082 | _aA99 N315u | ||
| 100 | _aNehru, Jawaharlal | ||
| 245 |
_aThe unity of India: collected writings, 1937-1940 _cby Jawaharlal Nehru |
||
| 260 |
_aLondon _bDrummond _c1942 |
||
| 300 | _a432p. | ||
| 650 | _aIndia - Politics | ||
| 650 | _aNehru, Jawaharlal, 1889 | ||
| 999 |
_c376199 _d376199 |
||